000 00476nam a2200169Ia 4500
008 090201s9999 xx 000 0 und d
010 _aKPL-35177
040 _bमराठी
041 _aमराठी
082 _a19828
_b35177
100 _aवि ज बोरकर
245 _aनागडा
_cवि ज बोरकर
260 _c2004
_bमैाज प्रकाशन
300 _a146
_bमोठा
600 _aनागडा
942 _cBOOK
999 _c219635
_d219635